Cálculo diferencial e integral; sucesiones /

Guardado en:
Autor Principal: Noriega, Ricardo J.
Formato: Libro
Publicado: Buenos Aires : Docencia, 1979
Materias:
Etiquetas: Agregar Etiqueta
Sin Etiquetas, Sea el primero en etiquetar este registro!
LEADER 01199nam a22002175a 4500
001 CEM.cems004683
005 20060217000000.0
008 130507s1979##################000#0#####d
003 CEMS
082 0 4 |a 517 
100 1 |a Noriega, Ricardo J. 
245 1 0 |a Cálculo diferencial e integral; sucesiones / 
260 |a Buenos Aires :  |b Docencia,  |c 1979 
300 |a 92 p. 
505 0 |a Sistemas de numeros reales y complejos; Nociónes fundamentales de la teoria de conjuntos; Elementos de la teoria de conjuntos de puntos; Los conceptos de limite y continuidad; Diferenciación de funciónes de una y de varias variables reales; Aplicaciónes de la diferenciación parcial; Funciónes de variación acotada, curvas rectificadas y conjuntos conexos; Teoria de la integración de Riemann-Stieltjes; Integrales multiples e integrales de linea; Analisis vectorial; Series y productos infinitos; Sucesiones de funciónes; Integrales impropias; Series de Fourier e integrales de Fourier; Teorema de Cauchy y calculo de residuos 
653 |a Derivadas 
653 |a Integrales 
653 |a Limites 
653 |a Matematica 
653 |a Primitivas 
859 |a CEMS  |b BIB. CEMS - 11 de abril  |h 517  |i N774-1  |p 12855.83  |t Ej.1